1110 1502 1519 1615 1866 1239 1897 1631 1831 1942 1764 1044 1809 1514 1112 1135 1488 1954 1340 1619 1941 1310 1665 1085 1495 1107 1935 1792 1907 1337 1965 1243 1109 1460 1765 1656 1937 1543 1907 1097 1655 1660 1357 1332 1758 1283 1142 1174 1723 1703 1714 1192 1324 1253 1364 1632 1555 1608 1743 1176 1610 1222 1987 1005 1031 1195 1066 1396 1123 1621 2000 1506 1543 1467 1054 1786 1103 1417 1404 1799 1130 1181 1382 1588 1226 1993 1460 1781 1612 1289 1892 1330 1081 1085 1170 1921 1880 1499 1679 BCNSPRNW ULIB Ver.6.0+V

เปลี่ยนเป็นภาษาไทย

Change to English
 แสดงรายละเอียดบรรณานุกรม
  กลับหน้าหลัก

Brief Record : Get Marc (ISO 2709) : E-mail record : QR code < ปิดหน้าต่าง
LEADER : 00000nam 2200000uu 4500
001    13399121223
003     ULIB
008    121109s2546||||th 000 0 tha d
020    ^a9747206064
050  4 ^aPA^bส111ก
100 0  ^aสิทธิณัฐ ประพุทธนิติสาร
245 10 ^aการวิจัยเชิงปฏิบัติการแบบมีส่วนร่วม :^bแนวคิดและแนวปฏิบัติ /^cสิทธิณัฐ ประพุทธนิติสาร
246 30 ^aParticipatory action research : concepts and practice
250    ^aพิมพ์ครั้งที่ 2.
260    ^aกรุงเทพฯ :^bสำนักงานกองทุนสนับสนุนการวิจัย (สกว.), ^c2546.
300    ^a171 หน้า :^bภาพประกอบ ;^c21 ซม.
650  4 ^aวิจัยเชิงปฏิบัติการ
650  4 ^aสังคมศาสตร์^xวิจัย
650  4 ^aการพัฒนาชุมชน^xวิจัย
710 2  ^aสำนักงานกองทุนสนับสนุนการวิจัย
917    ^aLIB :^c198
945    ^p198^l0^i11835
955    ^aT1526^b1 เล่ม
999    ^aวิภา
รายการนี้ยังไม่มีแท็ก
คุณยังไม่ได้ล็อกอิน คุณสามารถมีกิจกรรมร่วมกับเว็บไซต์ได้ แต่ต้องล็อกอินก่อน ::
  ล็อกอิน

รายการสื่อสารสนเทศ

ลำดับที่ ประเภท เลขเรียก/บาร์โค้ด สถานที่ สถานะ
1. วิทยาศาสตร์การแพทย์ และสุขภาพ
วิทยาศาสตร์การแพทย์ และสุขภาพ
PA ส111ก  
  Barcode: 11835
ห้องสมุดวิทยาเขตสวรรค์ประชารักษ์
►หนังสือทั่วไป
บนชั้น

รายการใกล้เคียง
    หัวเรื่อง [วิจัยเชิงปฏิบัติการ]

BibComment


ยังไม่เคยถูกคอมเมนท์

คอมเมนท์ทรัพยากรรายการนี้
  คอมเมนท์: การวิจัยเชิงปฏิบ..


 Copyright 2026. Bcnsprnw @Library